000 00746nam a22002057a 4500
003 OSt
005 20250214132923.0
008 240902b ||||| |||| 00| 0 eng d
040 _c0
082 _aDPer 658.8 J826 Winter-Fall 2019 v. 27 n. 1-4
100 _aHabibi, Mohammad Reza.
_eauthor.
_947062
245 _aThe progression and impact of the sharing economy :
_ba preface /
_cMohammad Reza Habibi.
260 _aUSA ;
_bTaylor & Francis Group,
_cFall 2019.
300 _avolume 27, pages 349-354.
500 _aJournal of Marketing Theory and Practice, vol. 27, no. 4, pages 349-354, Fall 2019.
650 0 _aConsumer behavior.
_923577
650 0 _aEconomy
_913471
700 _aHabibi, Mohammad Reza.
_eauthor.
_947062
942 _2ddc
_cPER
999 _c21200
_d21200